000 00636nam a22001937a 4500
999 _c1636
_d1636
003 AR-CdUCM
008 190227b ||||| |||| 00| 0 spa d
040 _aMUNICIPALIDAD PROVINCIAL DEL CUSCO
_cBIBLIOTECA MUNICIPAL DEL CUSCO
082 _a 869.56 /
_bV21
100 _aVarela, Blanca
_96102
245 _aValses y otras falsas confesiones /
260 _aLima :
_b Instituto Nacional de Cultura,
_c1972.
300 _a89 páginas ;
_c17 cm.
505 _aValses -- Vals del angelus -- Nadie sabe mis cosas -- Ejercicios ...
650 _aPoesía.
_9139
650 _aPerú.
_935
942 _2ddc
_cLIBROS
945 _amvr
_d2019-02-27